Život na kolotoči

Bibliographic Details
Main Authors: Krajíček, Ivan, 1940-1997 (Author), Košťálová, Marcela, 1950- (Author)
Format: Article
Language:Slovak
PhysicalDescription:Obr. 1.
Subjects:

MARC

LEADER 00000nab a2200000 a 4500
001 vtls000303790
003 SK-MaSNL
005 20260304002546.0
008 160215c1988 xo 0 slo
015 |a SNBRB19rr/mm-uuuuu 
035 |a CL0313909 
040 |a SNKBUCL  |b slo  |c SNKBUCL  |e AACR2 
041 0 |a slo 
044 |a xo  |c SK 
080 |a 792.071.2  |2 1981 
080 |a 792.075  |2 1981 
080 |a 929 Krajíček, Ivan  |2 1981 
100 1 |a Krajíček, Ivan,  |d 1940-1997  |4 aut  |9 98849 
245 1 0 |a Život na kolotoči  |c Ivan Krajíček, Marcela Košťálová 
300 |b Obr. 1. 
600 1 7 |a Krajíček, Ivan,  |d 1940-1997  |2 snkbucl  |9 98849 
655 7 |a články z novín a časopisov  |2 snkbucl  |9 267496 
655 7 |a články z odboru literárna veda a krásna literatúra  |2 snkbucl  |9 770045 
700 1 |a Košťálová, Marcela,  |d 1950-  |4 aut  |9 209538 
773 0 |t Televízia  |g Roč. 23, č. 7 (1988), s. 8 
850 |a Slovenská národná knižnica v Martine  |a MTA001 
852 |a SNK  |b KIS3GCP 
958 |a BX 
958 |a RK 
958 |a LX 
992 |a RBX 
999 |c 2542467  |d 2544397